000 00289 a2200145 4500
001 48065
020 _a8504008436
040 _cAnchieta - Aquarius
240 1 0 _aFormas
_lpor
245 1 0 _aFormas
300 _a41
362 0 _a2005
650 4 _aLiteratura infanto-juvenil
942 _cBK
999 _c48065
_d48065